Centrá a zázemia funkčných mestských regiónov na Slovensku optikou kohortnej plodnosti

Analýza úrovne konečnej plodnosti v centrách a zázemiach prirodzených spádových regiónov Slovenska. Dynamika poklesu realizovanej plodnosti. Analýza zmeny z hľadiska štruktúry žien podľa počtu narodených detí (parity), a to predovšetkým z pohľadu príklonu k dominantnému dvojdetnému modelu rodiny.

Salvato in:
Dettagli Bibliografici
Autore principale: Ďurček, Pavol
Altri autori: Šprocha, Branislav
Natura: Capitolo di libro
Lingua:slovacco
Soggetti:
Tags: Aggiungi Tag
Nessun Tag, puoi essere il primo ad aggiungerne!!

MARC

LEADER 00000naa a2200000 4500
001 0238029
005 20220805075643.1
041 0 |a slo 
044 |a SK 
245 1 0 |a Centrá a zázemia funkčných mestských regiónov na Slovensku optikou kohortnej plodnosti  |c Pavol Ďurček, Branislav Šprocha 
520 |a Analýza úrovne konečnej plodnosti v centrách a zázemiach prirodzených spádových regiónov Slovenska. Dynamika poklesu realizovanej plodnosti. Analýza zmeny z hľadiska štruktúry žien podľa počtu narodených detí (parity), a to predovšetkým z pohľadu príklonu k dominantnému dvojdetnému modelu rodiny. 
610 2 0 |a mestá 
610 2 0 |a regióny 
610 2 0 |a Slovensko 
610 2 0 |a plodnosť 
610 2 0 |a vývoj populačný 
100 1 |a Ďurček, Pavol 
700 1 |a Šprocha, Branislav